000 00230nam a2200097Ia 4500
008 170619s9999 xx 000 0 und d
100 _aKreyszig- E
245 0 _aAdvanced Engineering Mathematics
260 _bWiley- India
260 _c2012
546 _aENGLISH
999 _c21151
_d21151